[Event "PGMA Cup"]
[Site "Manila PHI"]
[Date "2008.09.08"]
[Round "2"]
[White "Nolte, Rolando"]
[Black "Yang, Kaiqi"]
[Result "0-1"]
[WhiteElo "2522"]
[BlackElo "2366"]
[PlyCount "106"]
[EventDate "2008.09.07"]
[EventType "swiss"]
[EventRounds "9"]
[EventCountry "PHI"]
[Source "Mark Crowther"]
[SourceDate "2008.09.22"]

1. e4 c5 2. Nf3 d6 3. d4 Nf6 4. Nc3 cxd4 5. Nxd4 g6 6. Be3 Bg7 7. f3 O-O 8. Qd2
Nc6 9. O-O-O d5 10. exd5 Nxd5 11. Nxc6 bxc6 12. Bd4 e5 13. Bc5 Be6 14. Ne4 Re8
15. h4 h6 16. g4 Qc7 17. g5 h5 18. Bc4 Red8 19. Qf2 a5 20. a4 Rab8 21. b3 Rd7
22. Rd2 Rbd8 23. Rhd1 Nf4 24. Bxe6 Nxe6 25. Bd6 Qb7 26. Nf6+ Bxf6 27. gxf6 c5
28. Be7 Rxd2 29. Rxd2 Rxd2 30. Qxd2 Qxf3 31. Qxa5 Kh7 32. Qb5 Qd5 33. b4 Qa2
34. Bxc5 e4 35. Be3 Qa1+ 36. Kd2 Qxf6 37. Qb7 Qf3 38. a5 Qg2+ 39. Kc1 Qf3 40.
Qb6 g5 41. a6 gxh4 42. a7 h3 43. Bg1 e3 44. a8=Q Qxa8 45. Qxe3 Qg2 46. Qd3+ Kg8
47. Qe3 h2 48. Bxh2 Qxh2 49. Kb2 h4 50. b5 Qg2 51. b6 h3 52. Qb3 Nc5 53. Qb5 h2
0-1

[Event "PGMA Cup"]
[Site "Manila PHI"]
[Date "2008.09.09"]
[Round "4"]
[White "Nguyen Anh Dung"]
[Black "Yang, Kaiqi"]
[Result "1/2-1/2"]
[WhiteElo "2499"]
[BlackElo "2366"]
[PlyCount "48"]
[EventDate "2008.09.07"]
[EventType "swiss"]
[EventRounds "9"]
[EventCountry "PHI"]
[Source "Mark Crowther"]
[SourceDate "2008.09.22"]

1. d4 Nf6 2. c4 g6 3. Nc3 Bg7 4. e4 d6 5. Nf3 O-O 6. Be2 e5 7. d5 a5 8. O-O Na6
9. Nd2 Ne8 10. a3 Nc5 11. Nb3 Nxb3 12. Qxb3 f5 13. exf5 gxf5 14. f4 Kh8 15. Be3
Rg8 16. Kh1 Bd7 17. Rae1 b6 18. Nb5 Nf6 19. fxe5 dxe5 20. Bg5 Qc8 21. Bf3 Ne8
22. Bh5 Nf6 23. Bf3 Ne8 24. Bh5 Nf6 1/2-1/2

[Event "PGMA Cup"]
[Site "Manila PHI"]
[Date "2008.09.09"]
[Round "5"]
[White "Yang, Kaiqi"]
[Black "Gonzales, Jayson"]
[Result "1-0"]
[WhiteElo "2366"]
[BlackElo "2524"]
[PlyCount "81"]
[EventDate "2008.09.07"]
[EventType "swiss"]
[EventRounds "9"]
[EventCountry "PHI"]
[Source "Mark Crowther"]
[SourceDate "2008.09.22"]

1. e4 e5 2. Nf3 Nc6 3. Bb5 a6 4. Bxc6 dxc6 5. O-O Be7 6. d3 Qd6 7. b3 Be6 8.
Bb2 f6 9. d4 O-O-O 10. Nbd2 Bg4 11. h3 Bh5 12. Qe1 exd4 13. Nxd4 Qd7 14. Nc4
Bc5 15. Qa5 Bxd4 16. Qxh5 Bxb2 17. Nxb2 Ne7 18. Rad1 Qe6 19. Rxd8+ Kxd8 20. Nd3
b6 21. Qe2 a5 22. Nf4 Qe5 23. Qa6 Nc8 24. Rd1+ Ke7 25. Nd3 Qd6 26. Nb2 Qf4 27.
Nd3 Qd6 28. e5 fxe5 29. Re1 Rd8 30. Rxe5+ Kf8 31. Rf5+ Kg8 32. Qc4+ Kh8 33. Ne5
Qd1+ 34. Kh2 Nd6 35. Ng6+ hxg6 36. Qh4+ Kg8 37. Qxd8+ Kh7 38. Rf4 g5 39. Qxg5
Qe2 40. Rg4 Ne8 41. Qh5+ 1-0

[Event "PGMA Cup"]
[Site "Manila PHI"]
[Date "2008.09.10"]
[Round "6"]
[White "Yang, Kaiqi"]
[Black "Shanava, Konstantine"]
[Result "0-1"]
[WhiteElo "2366"]
[BlackElo "2522"]
[PlyCount "72"]
[EventDate "2008.09.07"]
[EventType "swiss"]
[EventRounds "9"]
[EventCountry "PHI"]
[Source "Mark Crowther"]
[SourceDate "2008.09.22"]

1. e4 c5 2. Nc3 Nc6 3. Nf3 g6 4. d4 cxd4 5. Nxd4 Bg7 6. Be3 Nf6 7. Nb3 O-O 8.
Be2 d6 9. f4 b6 10. Bf3 Bb7 11. O-O Nd7 12. Qd2 Nc5 13. Rad1 Rc8 14. Nd4 Qe8
15. Nxc6 Bxc6 16. f5 Nd7 17. Bh6 Ne5 18. Be2 Bb7 19. Bxg7 Kxg7 20. Rf4 g5 21.
Rf2 f6 22. Bb5 Qh5 23. Be2 Qf7 24. Qe3 Kh8 25. a4 Rc5 26. b4 Rc7 27. Nb5 Rxc2
28. Nd4 Rcc8 29. Ne6 Rg8 30. a5 Bc6 31. Ba6 Ng4 32. Qd3 Qh5 33. h3 Nxf2 34.
Kxf2 Bxe4 35. Qxe4 Qxd1 36. Be2 Qd2 0-1

[Event "PGMA Cup"]
[Site "Manila PHI"]
[Date "2008.09.11"]
[Round "7"]
[White "Iuldachev, Saidali"]
[Black "Yang, Kaiqi"]
[Result "1-0"]
[WhiteElo "2520"]
[BlackElo "2366"]
[PlyCount "91"]
[EventDate "2008.09.07"]
[EventType "swiss"]
[EventRounds "9"]
[EventCountry "PHI"]
[Source "Mark Crowther"]
[SourceDate "2008.09.22"]

1. e4 c5 2. Nc3 d6 3. f4 g6 4. Nf3 Bg7 5. Bb5+ Bd7 6. a4 Nc6 7. O-O Nf6 8. d3
O-O 9. Bxc6 Bxc6 10. Qe1 Qd7 11. h3 e5 12. f5 gxf5 13. Nh4 f4 14. Nf5 Kh8 15.
Nxg7 Kxg7 16. Qh4 Ng8 17. g3 Ne7 18. gxf4 Ng6 19. Qh5 f5 20. fxe5 f4 21. exd6
Rae8 22. Ne2 Re5 23. Qg4 Qxg4+ 24. hxg4 Rg5 25. Bxf4 Nxf4 26. Rxf4 Rxf4 27.
Nxf4 Rxg4+ 28. Ng2 Rg6 29. b3 Rxd6 30. Rf1 Bd7 31. Rf4 h5 32. Kf2 Kg6 33. Nh4+
Kg5 34. Kg3 a5 35. Rf7 b6 36. Nf3+ Kh6 37. Ne5 Be6 38. Rf6+ Kg7 39. Rg6+ Kh7
40. Kh4 Rc6 41. Kxh5 Bf7 42. Nxc6 Bxg6+ 43. Kg5 Be8 44. Ne7 Kg7 45. Nc8 b5 46.
Nd6 1-0

[Event "PGMA Cup"]
[Site "Manila PHI"]
[Date "2008.09.11"]
[Round "8"]
[White "Bitoon, Richard"]
[Black "Yang, Kaiqi"]
[Result "0-1"]
[WhiteElo "2439"]
[BlackElo "2366"]
[PlyCount "84"]
[EventDate "2008.09.07"]
[EventType "swiss"]
[EventRounds "9"]
[EventCountry "PHI"]
[Source "Mark Crowther"]
[SourceDate "2008.09.22"]

1. e4 c5 2. Nf3 d6 3. d4 Nf6 4. Nc3 cxd4 5. Nxd4 g6 6. Be3 Bg7 7. f3 O-O 8. Qd2
Nc6 9. Bc4 Bd7 10. O-O-O Rb8 11. Bb3 Na5 12. Bh6 Bxh6 13. Qxh6 b5 14. h4 e5 15.
Nde2 b4 16. Nd5 Nxb3+ 17. axb3 Nxd5 18. Rxd5 Rb6 19. h5 g5 20. Rxd6 f6 21. Rhd1
Rxd6 22. Rxd6 Qe7 23. Rd2 a5 24. Ng3 Be6 25. Kb1 Qc5 26. Nf5 Bxf5 27. exf5 Qc6
28. Kc1 a4 29. bxa4 Qxa4 30. Kd1 Qc6 31. Ke1 e4 32. Re2 Rd8 33. Kf2 exf3 34.
gxf3 Qc5+ 35. Kg2 Qxf5 36. Re4 Kf7 37. Kg3 Rd1 38. Kg2 Rd2+ 39. Kg3 Rxc2 40.
Re7+ Kxe7 41. Qg7+ Kd6 42. Qf8+ Kc7 0-1

[Event "Malaysian op"]
[Site "Kuala Lumpur MAS"]
[Date "2008.08.18"]
[Round "1"]
[White "Pereira, Johnharry"]
[Black "Yang, Kaiqi"]
[Result "0-1"]
[WhiteElo "1942"]
[BlackElo "2366"]
[PlyCount "81"]
[EventDate "2008.08.18"]
[EventType "swiss"]
[EventRounds "11"]
[EventCountry "MAS"]
[Source "Mark Crowther"]
[SourceDate "2008.10.13"]

1. d4 Nf6 2. c4 g6 3. Nc3 Bg7 4. e4 d6 5. f3 O-O 6. Bg5 c5 7. d5 h6 8. Be3 e6
9. Nge2 exd5 10. cxd5 a6 11. a4 Nbd7 12. Ng3 h5 13. Bg5 Qe8 14. Be2 Nh7 15. Bf4
h4 16. Nf1 Qe7 17. h3 f5 18. Qd2 Ndf6 19. exf5 Bxf5 20. Ne3 Nh5 21. Nxf5 gxf5
22. O-O-O Nxf4 23. Qxf4 b5 24. Rhe1 Qf6 25. Qd2 bxa4 26. Nxa4 Rab8 27. Bc4 Rb4
28. b3 Rxc4+ 29. bxc4 Qa1+ 30. Kc2 Qxa4+ 31. Kd3 Qb3+ 32. Ke2 Bc3 33. Qd3 Qb2+
34. Kf1 Bxe1 35. Rxe1 Qd4 36. Qb3 Nf6 37. Re7 Re8 38. Qb7 Qxc4+ 39. Kg1 Qd4+
40. Kh2 Rxe7 41. Qxe7 0-1

[Event "Malaysian op"]
[Site "Kuala Lumpur MAS"]
[Date "2008.08.18"]
[Round "2"]
[White "Yang, Kaiqi"]
[Black "Li Chao2"]
[Result "0-1"]
[WhiteElo "2366"]
[BlackElo "2590"]
[PlyCount "52"]
[EventDate "2008.08.18"]
[EventType "swiss"]
[EventRounds "11"]
[EventCountry "MAS"]
[Source "Mark Crowther"]
[SourceDate "2008.10.13"]

1. e4 c5 2. Nc3 d6 3. Nge2 g6 4. d4 cxd4 5. Nxd4 Bg7 6. Be3 Nf6 7. Be2 Nc6 8.
Nb3 O-O 9. f4 a5 10. a4 Bd7 11. g4 Nb4 12. g5 Ne8 13. h4 Rc8 14. Bd4 f5 15.
gxf6 Nxf6 16. e5 Nfd5 17. Nxd5 Nxd5 18. exd6 Nxf4 19. Bxg7 Ng2+ 20. Kd2 Kxg7
21. Qg1 Bf5 22. Qd4+ Rf6 23. Bd3 Bxd3 24. cxd3 Qxd6 25. Qxd6 Rf2+ 26. Kd1 exd6
0-1

[Event "Malaysian op"]
[Site "Kuala Lumpur MAS"]
[Date "2008.08.19"]
[Round "3"]
[White "Tan Khai Boon"]
[Black "Yang, Kaiqi"]
[Result "0-1"]
[WhiteElo "2133"]
[BlackElo "2366"]
[PlyCount "124"]
[EventDate "2008.08.18"]
[EventType "swiss"]
[EventRounds "11"]
[EventCountry "MAS"]
[Source "Mark Crowther"]
[SourceDate "2008.10.13"]

1. d4 Nf6 2. c4 g6 3. Nc3 Bg7 4. e4 d6 5. Nf3 O-O 6. Be2 e5 7. O-O Nc6 8. d5
Ne7 9. b4 Nh5 10. Re1 f5 11. Ng5 Nf6 12. Bf3 c6 13. Be3 h6 14. Ne6 Bxe6 15.
dxe6 fxe4 16. Nxe4 Nxe4 17. Bxe4 d5 18. cxd5 cxd5 19. Bc2 e4 20. Bb3 Bxa1 21.
Qxa1 Kh7 22. Rd1 Qd6 23. Qc1 h5 24. Bc5 Qxe6 25. Qg5 Rf7 26. h4 Re8 27. Be3 Qf5
28. Qh6+ Kg8 29. Bxa7 Qf4 30. Qxf4 Rxf4 31. g3 Rff8 32. Kf1 Kh7 33. b5 Rc8 34.
Ke2 Rf3 35. Kf1 Rd8 36. Kg2 Rd3 37. Rxd3 exd3 38. Kf1 Nc8 39. Be3 Nd6 40. Bg5
Re8 41. Bxd5 Nxb5 42. Bxb7 Nc3 43. Ba6 Ne4 44. Bxd3 Nxg5 45. hxg5 Re5 46. Kg2
Rxg5 47. Kh3 Ra5 48. Bc4 Kg7 49. f4 Kf6 50. Bb3 Rc5 51. Bg8 Kf5 52. Bf7 Rc7 53.
Bd5 Rd7 54. Bb3 Rd2 55. Bf7 Rd6 56. Bc4 Ke4 57. a4 Kf3 58. Kh4 Rd2 59. Kg5 Kxg3
60. Kxg6 h4 61. Be6 Kxf4 62. Kh5 h3 0-1

[Event "Malaysian op"]
[Site "Kuala Lumpur MAS"]
[Date "2008.08.19"]
[Round "4"]
[White "Yang, Kaiqi"]
[Black "Baba, Masahiro"]
[Result "1-0"]
[WhiteElo "2366"]
[BlackElo "2225"]
[PlyCount "57"]
[EventDate "2008.08.18"]
[EventType "swiss"]
[EventRounds "11"]
[EventCountry "MAS"]
[Source "Mark Crowther"]
[SourceDate "2008.10.13"]

1. e4 c5 2. Nc3 d6 3. Nge2 Nf6 4. d4 cxd4 5. Nxd4 a6 6. Be2 e5 7. Nb3 Be7 8.
Bg5 Be6 9. Bxf6 Bxf6 10. Qd3 Nc6 11. O-O-O Nd4 12. Nxd4 exd4 13. Nd5 Bxd5 14.
exd5 O-O 15. Qf3 d3 16. Bxd3 Rc8 17. c3 Be5 18. Bc2 b5 19. Kb1 Qb6 20. h4 b4
21. Qe4 f5 22. Qxb4 Qa7 23. f4 Bxc3 24. Qxd6 Bxb2 25. Kxb2 Qf2 26. Rc1 Qd4+ 27.
Kb1 Rf6 28. Qe5 Qd2 29. Bb3 1-0

[Event "Malaysian op"]
[Site "Kuala Lumpur MAS"]
[Date "2008.08.20"]
[Round "6"]
[White "Rahman, Ziaur"]
[Black "Yang, Kaiqi"]
[Result "0-1"]
[WhiteElo "2564"]
[BlackElo "2366"]
[PlyCount "110"]
[EventDate "2008.08.18"]
[EventType "swiss"]
[EventRounds "11"]
[EventCountry "MAS"]
[Source "Mark Crowther"]
[SourceDate "2008.10.13"]

1. c4 Nf6 2. Nf3 g6 3. Nc3 Bg7 4. e4 d6 5. d4 O-O 6. h3 e5 7. d5 Nh5 8. Nh2 Na6
9. g3 c6 10. Be2 Nf6 11. Ng4 Nc5 12. Bg5 h5 13. Nxf6+ Bxf6 14. Bh6 Bg7 15. Be3
h4 16. Qd2 cxd5 17. exd5 hxg3 18. fxg3 Qa5 19. Ne4 Qxd2+ 20. Nxd2 e4 21. Bxc5
dxc5 22. O-O-O f5 23. h4 Bd7 24. h5 g5 25. g4 e3 26. Nf3 fxg4 27. Nxg5 Rf2 28.
h6 Be5 29. h7+ Kg7 30. Ne6+ Kh8 31. Nxc5 Rxe2 32. Nxd7 Bxb2+ 33. Kb1 Bc3 34.
Rdf1 Rf2 35. Rfg1 Rb2+ 36. Kc1 Rxa2 37. Kb1 Rb2+ 38. Kc1 e2 39. Nc5 Ra2 40. Nd3
Rf8 41. d6 e1=Q+ 42. Rxe1 Bxe1 43. Ne5 Kg7 44. Kb1 Bc3 45. Kxa2 Bxe5 46. c5 g3
47. Rh5 Bf6 48. Rh3 Be5 49. Rh5 Bf4 50. Rh4 Kh8 51. Kb3 Be3 52. Rg4 Bxc5 53. d7
Kxh7 54. Rxg3 Rd8 55. Kc4 Bb6 0-1

[Event "Malaysian op"]
[Site "Kuala Lumpur MAS"]
[Date "2008.08.22"]
[Round "7"]
[White "Yang, Kaiqi"]
[Black "Li Shilong"]
[Result "1/2-1/2"]
[WhiteElo "2366"]
[BlackElo "2511"]
[PlyCount "85"]
[EventDate "2008.08.18"]
[EventType "swiss"]
[EventRounds "11"]
[EventCountry "MAS"]
[Source "Mark Crowther"]
[SourceDate "2008.10.13"]

1. e4 e6 2. d4 d5 3. Nc3 Bb4 4. e5 c5 5. a3 Bxc3+ 6. bxc3 Ne7 7. Qg4 Qc7 8.
Qxg7 Rg8 9. Qxh7 cxd4 10. Ne2 Nbc6 11. f4 Bd7 12. Qd3 dxc3 13. Qxc3 O-O-O 14.
Bd2 Nf5 15. g3 Rg6 16. Bh3 Rh6 17. Bxf5 exf5 18. Be3 d4 19. Bxd4 Be6 20. Be3
Bd5 21. O-O Rdh8 22. Rf2 f6 23. Qd2 Qf7 24. Nc3 Bc4 25. Rd1 Rg6 26. exf6 Rxf6
27. a4 Re6 28. Bc5 b6 29. Nb5 Bxb5 30. axb5 Rd8 31. Qc1 Qe8 32. Rfd2 Rxd2 33.
Qxd2 bxc5 34. bxc6 Rxc6 35. Qc3 c4 36. Re1 Qd8 37. Qe5 Qb6+ 38. Kg2 Kb7 39.
Qxf5 a5 40. Qd7+ Ka6 41. Re5 a4 42. Re8 Qb7 43. Ra8+ 1/2-1/2

[Event "Malaysian op"]
[Site "Kuala Lumpur MAS"]
[Date "2008.08.22"]
[Round "8"]
[White "Wan, Yunguo"]
[Black "Yang, Kaiqi"]
[Result "1/2-1/2"]
[WhiteElo "2471"]
[BlackElo "2366"]
[PlyCount "78"]
[EventDate "2008.08.18"]
[EventType "swiss"]
[EventRounds "11"]
[EventCountry "MAS"]
[Source "Mark Crowther"]
[SourceDate "2008.10.13"]

1. e4 c5 2. Nf3 d6 3. d4 Nf6 4. Nc3 cxd4 5. Nxd4 Nc6 6. g3 Bg4 7. f3 Bd7 8. Be3
g6 9. Qd2 Bg7 10. O-O-O O-O 11. h4 h5 12. Kb1 Rc8 13. Be2 Ne5 14. Bg5 b5 15.
Rhe1 Re8 16. Ndxb5 Bxb5 17. Nxb5 Qb6 18. Qe3 Rc5 19. Nd4 Rb8 20. Nb3 a5 21. a4
Qb4 22. Qd2 Qb7 23. Bxf6 Bxf6 24. f4 Nc6 25. Bb5 Rxb5 26. axb5 Qxb5 27. Qd5 a4
28. Qxb5 Rxb5 29. Rd5 Rb6 30. e5 dxe5 31. fxe5 Bxe5 32. Rdxe5 Nxe5 33. Rxe5
axb3 34. Rxe7 Rf6 35. Re1 bxc2+ 36. Kxc2 Rf2+ 37. Kc1 Rf3 38. Rg1 Kg7 39. Kc2
f5 1/2-1/2

[Event "Malaysian op"]
[Site "Kuala Lumpur MAS"]
[Date "2008.08.23"]
[Round "9"]
[White "Yang, Kaiqi"]
[Black "Iuldachev, Saidali"]
[Result "0-1"]
[WhiteElo "2366"]
[BlackElo "2520"]
[PlyCount "90"]
[EventDate "2008.08.18"]
[EventType "swiss"]
[EventRounds "11"]
[EventCountry "MAS"]
[Source "Mark Crowther"]
[SourceDate "2008.10.13"]

1. e4 e5 2. Nf3 Nc6 3. Bb5 a6 4. Ba4 Nf6 5. O-O Be7 6. Re1 b5 7. Bb3 d6 8. c3
O-O 9. h3 Na5 10. Bc2 c5 11. d4 Qc7 12. Nbd2 Be6 13. d5 Bd7 14. b3 c4 15. b4
Nb7 16. Rb1 a5 17. a3 axb4 18. axb4 Ra2 19. Nf1 Rfa8 20. Rb2 R2a3 21. Rb1 Ra2
22. Rb2 Ra1 23. Bb1 Qc8 24. Ng3 R8a3 25. Re3 Bd8 26. Ne1 Ra8 27. Nc2 R1a6 28.
Rf3 g6 29. Bg5 Ne8 30. Qd2 Bxg5 31. Qxg5 f6 32. Qh6 Nd8 33. Qd2 Nf7 34. Re3 Ng7
35. Re1 Bxh3 36. gxh3 Ng5 37. Re3 Nxh3+ 38. Kh2 Nf4 39. Ne1 Qh3+ 40. Kg1 Qg4
41. Kf1 h5 42. Ne2 h4 43. f3 Qh3+ 44. Kg1 Ngh5 45. Nxf4 exf4 0-1

[Event "Malaysian op"]
[Site "Kuala Lumpur MAS"]
[Date "2008.08.23"]
[Round "10"]
[White "Irwanto, Sadikin"]
[Black "Yang, Kaiqi"]
[Result "0-1"]
[WhiteElo "2453"]
[BlackElo "2366"]
[PlyCount "76"]
[EventDate "2008.08.18"]
[EventType "swiss"]
[EventRounds "11"]
[EventCountry "MAS"]
[Source "Mark Crowther"]
[SourceDate "2008.10.13"]

1. d4 Nf6 2. Nf3 g6 3. c4 Bg7 4. Nc3 O-O 5. e4 d6 6. Be2 e5 7. O-O Nc6 8. d5
Ne7 9. b4 c6 10. Nd2 a5 11. bxa5 Qxa5 12. Bb2 c5 13. Nb5 Ra6 14. Bc3 Qd8 15.
Qc2 g5 16. Rfb1 Ng6 17. Nf1 Nf4 18. Ng3 h5 19. Bf1 Qd7 20. f3 g4 21. Nf5 gxf3
22. gxf3 Nh7 23. Kh1 Qd8 24. Bd3 Bxf5 25. exf5 Ng5 26. Be4 Ngh3 27. a4 Kh8 28.
Be1 Rg8 29. Bg3 Bf6 30. Nc3 Bh4 31. Rg1 Nxg1 32. Rxg1 Ra8 33. Qc1 Bxg3 34. Rxg3
Qh4 35. Qe1 Rxg3 36. Qxg3 Qf6 37. Bc2 Rg8 38. Ne4 Rxg3 0-1

[Event "Titled Tuesday 2022.04.05 Early"]
[Site "chess.com INT"]
[Date "2022.04.05"]
[Round "4"]
[White "Yang, Kaiqi"]
[Black "Zarubitski, Viachaslau"]
[Result "0-1"]
[WhiteElo "2481"]
[BlackElo "2438"]
[PlyCount "66"]
[EventDate "2022.04.05"]
[EventType "swiss (blitz)"]
[EventRounds "11"]
[EventCountry "NET"]
[Source "Mark Crowther"]
[SourceDate "2022.04.11"]

1. e4 c5 2. Nc3 Nc6 3. Bb5 Nd4 4. Nf3 Nxb5 5. Nxb5 a6 6. Nc3 e6 7. d4 cxd4 8.
Nxd4 Qc7 9. O-O Nf6 10. Qf3 d6 11. Qg3 h5 12. Bg5 Be7 13. Rad1 b5 14. Bxf6 gxf6
15. Qg7 Rf8 16. Nf5 exf5 17. Nd5 Qb7 18. Rfe1 fxe4 19. Rxe4 Be6 20. Nxf6+ Bxf6
21. Rxe6+ Be7 22. Re3 O-O-O 23. Rde1 Rg8 24. Qc3+ Kb8 25. g3 Bg5 26. R3e2 h4
27. Qd3 Bf6 28. Re4 hxg3 29. fxg3 Bxb2 30. c3 Qc6 31. R4e3 Rc8 32. R1e2 Bxc3
33. Rb2 Bxb2 0-1

[Event "Titled Tuesday 2022.04.05 Early"]
[Site "chess.com INT"]
[Date "2022.04.05"]
[Round "7"]
[White "Pakleza, Z."]
[Black "Yang, Kaiqi"]
[Result "0-1"]
[WhiteElo "2505"]
[BlackElo "2481"]
[PlyCount "116"]
[EventDate "2022.04.05"]
[EventType "swiss (blitz)"]
[EventRounds "11"]
[EventCountry "NET"]
[Source "Mark Crowther"]
[SourceDate "2022.04.11"]

1. d4 e6 2. Nf3 f5 3. Bf4 Nf6 4. e3 Be7 5. h3 O-O 6. Be2 d6 7. O-O Qe8 8. c4
Nc6 9. Nc3 Bd7 10. Bh2 Kh8 11. Rc1 Ne4 12. Nxe4 fxe4 13. Nd2 Qg6 14. Bh5 Qf5
15. a3 Bh4 16. Qe2 Be8 17. Bxe8 Raxe8 18. c5 d5 19. Bxc7 Rf6 20. f3 Ref8 21.
Bd6 R8f7 22. Kh1 Qg6 23. b4 Bg3 24. b5 Ne7 25. Bxg3 Qxg3 26. c6 bxc6 27. bxc6
h6 28. c7 Nc8 29. f4 g5 30. Qf2 Qxf2 31. Rxf2 gxf4 32. Rxf4 Rxf4 33. exf4 Rxf4
34. Kg1 Kg7 35. Nf1 Kf6 36. Ne3 Ke7 37. Ng4 h5 38. Ne5 e3 39. Nf3 Kd6 40. Kf1
Rf7 41. Ke2 Rxc7 42. Rxc7 Kxc7 43. Kxe3 Nd6 44. Kf4 Nc4 45. a4 Nb6 46. a5 Nc4
47. a6 Kb6 48. g4 hxg4 49. Kxg4 Kxa6 50. h4 Nd6 51. h5 Nf7 52. Ne5 Nh8 53. Ng6
Nf7 54. Ne5 Nh8 55. Kg5 Kb5 56. Kf6 a5 57. Kxe6 a4 58. Kxd5 a3 0-1

[Event "Titled Tuesday 2022.04.05 Early"]
[Site "chess.com INT"]
[Date "2022.04.05"]
[Round "8"]
[White "Shubin, Kirill"]
[Black "Yang, Kaiqi"]
[Result "1-0"]
[WhiteElo "2474"]
[BlackElo "2481"]
[PlyCount "80"]
[EventDate "2022.04.05"]
[EventType "swiss (blitz)"]
[EventRounds "11"]
[EventCountry "NET"]
[Source "Mark Crowther"]
[SourceDate "2022.04.11"]

1. e4 e6 2. d4 d5 3. Nc3 Bb4 4. e5 b6 5. Qg4 Bf8 6. h4 Ba6 7. Nge2 Ne7 8. h5 h6
9. f4 Qd7 10. Qh3 Nbc6 11. Be3 O-O-O 12. O-O-O Kb8 13. g4 f5 14. exf6 gxf6 15.
Ng3 f5 16. Bxa6 Bg7 17. gxf5 exf5 18. Rhe1 Nb4 19. Bd3 c5 20. Bxf5 Qc6 21. a3
Rhf8 22. Bf2 Nxf5 23. Nxf5 Bf6 24. axb4 cxb4 25. Ne2 Rc8 26. Qb3 a5 27. Ne3
Rfe8 28. Kb1 a4 29. Qxd5 Qc7 30. Qc4 Qd6 31. Qb5 a3 32. Nc4 Rxc4 33. Qxc4 Rc8
34. Qb3 axb2 35. d5 Bc3 36. Nxc3 bxc3 37. Qxb6+ Qxb6 38. Bxb6 Kb7 39. Bd4 Rc4
40. Bxc3 Rxc3 1-0

[Event "Titled Tuesday 2022.04.05 Early"]
[Site "chess.com INT"]
[Date "2022.04.05"]
[Round "9"]
[White "Yang, Kaiqi"]
[Black "Atakhan, Abtin"]
[Result "0-1"]
[WhiteElo "2481"]
[BlackElo "2358"]
[PlyCount "84"]
[EventDate "2022.04.05"]
[EventType "swiss (blitz)"]
[EventRounds "11"]
[EventCountry "NET"]
[Source "Mark Crowther"]
[SourceDate "2022.04.11"]

1. e4 c5 2. Nc3 Nc6 3. Bb5 Nd4 4. Nf3 e6 5. O-O a6 6. Bd3 Nc6 7. Re1 g6 8. b3
Bg7 9. Bb2 Nge7 10. e5 O-O 11. Ne4 b6 12. Nf6+ Kh8 13. Ng5 h6 14. Qf3 d6 15.
Ngh7 dxe5 16. Nxf8 Qxf8 17. Bxe5 Bb7 18. Bc3 Rd8 19. Be4 Ba8 20. h4 Rd6 21. h5
e5 22. Nd5 Nxd5 23. Bxd5 Nd4 24. Bxd4 Bxd5 25. Qd3 cxd4 26. Qxa6 gxh5 27. f3
Rg6 28. Kf2 Qc5 29. Qd3 Bf6 30. Rh1 Qc6 31. Rh2 e4 32. fxe4 Bxe4 33. Qc4 Qd6
34. Rah1 Qg3+ 35. Ke2 Bxg2 36. Qxf7 Qf3+ 37. Ke1 Bh4+ 38. Rxh4 Qxf7 39. Rxh5
Re6+ 40. Kd1 Bf3+ 41. Kc1 Bxh5 42. Rxh5 Qxh5 0-1

[Event "Titled Tuesday 2022.04.05 Early"]
[Site "chess.com INT"]
[Date "2022.04.05"]
[Round "11"]
[White "Yang, Kaiqi"]
[Black "Zhigalko, S."]
[Result "0-1"]
[WhiteElo "2481"]
[BlackElo "2572"]
[PlyCount "70"]
[EventDate "2022.04.05"]
[EventType "swiss (blitz)"]
[EventRounds "11"]
[EventCountry "NET"]
[Source "Mark Crowther"]
[SourceDate "2022.04.11"]

1. e4 c5 2. Nc3 Nc6 3. Bb5 Nd4 4. Nf3 e6 5. O-O Qc7 6. Re1 a6 7. Bf1 Nxf3+ 8.
Qxf3 Bd6 9. g3 Ne7 10. Qh5 Be5 11. d3 d6 12. f4 Bd4+ 13. Kh1 Bd7 14. Nd1 g6 15.
Qh6 Ng8 16. Qh4 Bf6 17. Qh3 h5 18. c3 Nh6 19. Nf2 O-O-O 20. Be3 e5 21. Qg2 Ng4
22. Nxg4 hxg4 23. b4 Rh5 24. bxc5 dxc5 25. fxe5 Bxe5 26. d4 Bxg3 27. Bg1 Rdh8
28. Re2 Bxh2 29. Bxh2 g3 30. Qf3 cxd4 31. e5 Bc6 32. Re4 Rxh2+ 33. Kg1 Bxe4 34.
Qxe4 dxc3 35. Bg2 Qc5+ 0-1

[Event "Titled Tuesday 2022.04.19 Early"]
[Site "chess.com INT"]
[Date "2022.04.19"]
[Round "4"]
[White "Yang, Kaiqi"]
[Black "Pires, M."]
[Result "0-1"]
[WhiteElo "2481"]
[BlackElo "2287"]
[PlyCount "86"]
[EventDate "2022.04.19"]
[EventType "swiss (blitz)"]
[EventRounds "11"]
[EventCountry "NET"]
[Source "Mark Crowther"]
[SourceDate "2022.04.25"]

1. e4 c5 2. c3 e5 3. Nf3 Nc6 4. d4 cxd4 5. cxd4 Bb4+ 6. Bd2 Bxd2+ 7. Qxd2 Nf6
8. Nc3 exd4 9. Nxd4 O-O 10. Bc4 Nxe4 11. Nxe4 d5 12. Nxc6 bxc6 13. O-O-O Qb6
14. Nf6+ gxf6 15. Bd3 Rb8 16. Rhe1 Bg4 17. f3 Bh5 18. Re2 Bg6 19. h4 Qd4 20.
Qc2 Qxh4 21. Kb1 Rfe8 22. Rxe8+ Rxe8 23. a3 Re6 24. g4 Qg3 25. Bf5 Rd6 26. Rf1
Qe5 27. Ka2 d4 28. f4 Qd5+ 29. Ka1 d3 30. Qd2 Bxf5 31. gxf5 Qxf5 32. Rg1+ Kf8
33. Qb4 Qd5 34. Qb8+ Rd8 35. Qxa7 d2 36. Rd1 Rd7 37. Qe3 Qd3 38. Qf2 Qc2 39.
Qf3 Re7 40. Ka2 Qc4+ 41. b3 Qc2+ 42. Ka1 Qxd1+ 43. Qxd1 Re1 0-1

[Event "Titled Tuesday 2022.04.25 Early"]
[Site "chess.com INT"]
[Date "2022.04.26"]
[Round "10"]
[White "Chernomordik, P."]
[Black "Yang, Kaiqi"]
[Result "0-1"]
[WhiteElo "2179"]
[BlackElo "2481"]
[PlyCount "66"]
[EventDate "2022.04.26"]
[EventType "swiss (blitz)"]
[EventRounds "11"]
[EventCountry "NET"]
[Source "Mark Crowther"]
[SourceDate "2022.05.02"]

1. e4 e6 2. Nc3 d5 3. d4 Bb4 4. Nge2 dxe4 5. a3 Be7 6. Nxe4 Nf6 7. Qd3 Nxe4 8.
Qxe4 Nd7 9. Bf4 Nf6 10. Qd3 c5 11. O-O-O O-O 12. f3 Qd5 13. Kb1 c4 14. Qe3 b5
15. g4 Qb7 16. Be5 Nd5 17. Qc1 b4 18. axb4 a5 19. c3 axb4 20. Kc2 bxc3 21. Nxc3
Qb3+ 22. Kd2 Bg5+ 23. f4 Nxf4 24. h4 Nd3+ 25. hxg5 Nxc1 26. Rxc1 Bb7 27. Rh3
Qxb2+ 28. Rc2 Qb4 29. Ke3 Ra3 30. Kf2 f6 31. gxf6 gxf6 32. Bf4 Rd8 33. Be3 Rxc3
0-1

[Event "Titled Tuesday 2022.05.03 Early"]
[Site "chess.com INT"]
[Date "2022.05.03"]
[Round "4"]
[White "Yang, Kaiqi"]
[Black "Navalgund, N."]
[Result "0-1"]
[WhiteElo "2481"]
[BlackElo "2246"]
[PlyCount "72"]
[EventDate "2022.05.03"]
[EventType "swiss (blitz)"]
[EventRounds "11"]
[EventCountry "NET"]
[Source "Mark Crowther"]
[SourceDate "2022.05.09"]

1. d4 Nf6 2. c4 e6 3. Nc3 Bb4 4. e3 c5 5. Nge2 O-O 6. a3 cxd4 7. axb4 dxc3 8.
bxc3 b6 9. Ng3 Bb7 10. Be2 Bxg2 11. Rg1 Bb7 12. b5 d5 13. Ba3 Re8 14. cxd5 Qxd5
15. Qc2 Nbd7 16. c4 Qe5 17. Bb2 Qc5 18. Qc3 e5 19. Nf5 g6 20. Ba3 Qc7 21. Bd6
Qd8 22. Qb4 Re6 23. Rd1 Qe8 24. h4 Kh8 25. Nh6 Ne4 26. Bg4 f5 27. Bh3 Rxd6 28.
Rxd6 Nxd6 29. Qxd6 Rc8 30. h5 Qf8 31. Qxd7 Qb4+ 32. Kf1 Qxc4+ 33. Ke1 Qb4+ 34.
Qd2 Rc1+ 35. Ke2 Qc4+ 36. Qd3 Rc2+ 0-1